| 000 | 00784nam a2200217Ii 4500 | ||
|---|---|---|---|
| 003 | JO-AjNU | ||
| 008 | 230606s9999||||xx |||||||||||||| ||und|| | ||
| 020 | _a0-07-063581-1 / 978-0-07-063581-4 | ||
| 040 |
_aJO-AjNU _beng _erda _cJO-AjNU |
||
| 041 | _aeng | ||
| 050 | 1 | 4 | _aHG173 2007 |
| 100 | 3 |
_aSaunders,Anthiny / Cornett,Marcia Millon, _eauthor _91370 |
|
| 245 | 0 | 0 | _aFinancial markets and Institutions : An Introduction to the Risk Management A pproach |
| 250 | _a3 ed | ||
| 264 | 3 | 1 | _aNew Delhe : Tata Mc Graw Hill Publishing company Limited,2007 |
| 300 |
_a721p _b Includes Bibliography indexes(p704-721) |
||
| 336 |
_atext _btxt _2rdacontent |
||
| 337 |
_aunmediated _bn _2rdamedia |
||
| 338 |
_avolume _bnc _2rdacarrier |
||
| 650 | 4 |
_aFinancial markets and Institutions _91371 |
|
| 999 |
_aE723 _c723 _d723 |
||